[Event "Oslo op"]
[Site "Fornebu"]
[Date "2017.10.04"]
[Round "7"]
[White "Maze, Sebastien"]
[Black "Myhrvold, Rune"]
[Result "1-0"]
[WhiteElo "2614"]
[BlackElo "2243"]
[PlyCount "79"]
[EventDate "2017.09.29"]
[EventType "swiss"]
[EventRounds "10"]
[EventCountry "NOR"]
[SourceTitle "CBM 181 Extra"]
[Source "ChessBase"]
[SourceDate "2017.12.12"]
[SourceVersion "1"]
[SourceVersionDate "2017.12.12"]
[SourceQuality "1"]

1. e4 e5 2. Nf3 Nc6 3. Nc3 Nf6 4. Bb5 Nd4 5. Bc4 Nxf3+ 6. Qxf3 Bc5 7. d3 0-0 8. h3 c6 9. Bb3 d6 10. g4 Be6 11. Ne2 a5 12. c3 Bxb3 13. axb3 Qd7 14. Ng3 Qe6 15. Nf5 d5 16. Bg5 Nd7 17. 0-0 f6 18. Be3 g6 19. exd5 cxd5 20. d4 e4 21. Qg2 Bb6 22. f4 Kh8 23. Ng3 f5 24. g5 Qc6 25. Qe2 Bc7 26. Rfc1 Bd6 27. h4 Qc7 28. Rf1 Qb6 29. h5 Kg7 30. Qc2 Rh8 31. Kg2 Nf8 32. Rh1 Ne6 33. Rh4 Qc7 34. Qf2 Raf8 35. Rah1 Nxg5 36. fxg5 f4 37. Bxf4 Bxf4 38. hxg6 hxg6 39. Ne2 Bxg5 40. Qxf8+ 1-0

[Event "Oslo op"]
[Site "Fornebu"]
[Date "2017.09.29"]
[Round "1"]
[White "Myhrvold, Rune"]
[Black "Bernstein, Jonas August"]
[Result "1-0"]
[WhiteElo "2243"]
[BlackElo "1645"]
[PlyCount "65"]
[EventDate "2017.09.29"]
[EventType "swiss"]
[EventRounds "10"]
[EventCountry "NOR"]
[SourceTitle "CBM 181 Extra"]
[Source "ChessBase"]
[SourceDate "2017.12.12"]
[SourceVersion "1"]
[SourceVersionDate "2017.12.12"]
[SourceQuality "1"]

1. e4 c6 2. d4 d5 3. e5 c5 4. c3 Nc6 5. Be2 cxd4 6. cxd4 Qb6 7. Nc3 e6 8. Nf3 Nge7 9. 0-0 Nf5 10. Na4 Qd8 11. a3 Be7 12. b4 0-0 13. Bb2 f6 14. Rc1 fxe5 15. dxe5 a6 16. Bd3 Qe8 17. Nb6 Rb8 18. Bb1 Qh5 19. Qd3 Bd8 20. Nxc8 Rxc8 21. h3 Nh4 22. Nxh4 Qxh4 23. f4 Bb6+ 24. Kh2 Ne7 25. Rxc8 Rxc8 26. g3 Qh5 27. g4 Qh4 28. f5 exf5 29. gxf5 Qc4 30. Qf3 Qh4 31. f6 gxf6 32. exf6 Ng6 33. Qxd5+ 1-0

[Event "NOR-chB"]
[Site "Lillehammer"]
[Date "2013.07.05"]
[Round "8"]
[White "Mihajlov, Sebastian"]
[Black "Myhrvold, Rune"]
[Result "1/2-1/2"]
[WhiteElo "2101"]
[BlackElo "2228"]
[PlyCount "21"]
[EventDate "2013.06.29"]
[EventType "swiss"]
[EventRounds "9"]
[EventCountry "NOR"]
[SourceTitle "EXT 2014"]
[Source "ChessBase"]
[SourceDate "2013.11.20"]
[SourceVersion "1"]
[SourceVersionDate "2013.11.20"]
[SourceQuality "1"]

1. Nf3 d5 2. d4 Nf6 3. e3 e6 4. c4 dxc4 5. Bxc4 c5 6. Nc3 a6 7. a4 cxd4 8. exd4 Bb4 9. 0-0 0-0 10. Bg5 Nbd7 11. Qe2 1/2-1/2

[Event "NOR-ch Master"]
[Site "Lillehammer"]
[Date "2013.06.29"]
[Round "4"]
[White "Myhrvold, Rune"]
[Black "Thanke, Bror"]
[Result "1-0"]
[WhiteElo "2198"]
[BlackElo "2106"]
[PlyCount "83"]
[EventDate "2013.06.29"]
[EventType "swiss"]
[EventRounds "9"]
[EventCountry "NOR"]
[SourceTitle "EXT 2018"]
[Source "ChessBase"]
[SourceDate "2017.10.13"]
[SourceVersion "1"]
[SourceVersionDate "2017.10.13"]
[SourceQuality "1"]

1. e4 c5 2. c3 d5 3. exd5 Qxd5 4. d4 Nf6 5. Nf3 Bg4 6. dxc5 Qxc5 7. h3 Bd7 8. Be2 e5 9. 0-0 Be7 10. c4 0-0 11. Nc3 Rd8 12. Be3 Qa5 13. Qc2 Nc6 14. a3 Be6 15. Ng5 Nd4 16. Bxd4 exd4 17. Nxe6 fxe6 18. Ne4 b6 19. Bd3 Qh5 20. Rfe1 Nd7 21. b4 Kh8 22. Ng3 Qh6 23. Nf5 exf5 24. Rxe7 f4 25. Qe2 Nf6 26. Re1 Qg5 27. Qf3 Rf8 28. R7e5 Qh4 29. Rf5 Rad8 30. Rxf4 Qg5 31. g3 Nd7 32. Qe4 Qg6 33. Qxg6 hxg6 34. Rxd4 Ne5 35. Rxd8 Rxd8 36. Rxe5 Rxd3 37. Re3 Rd1+ 38. Kg2 Rc1 39. Re4 Ra1 40. c5 bxc5 41. bxc5 Rxa3 42. Rc4 1-0

[Event "Calvia Amateur op 9th"]
[Site "Calvia"]
[Date "2012.10.11"]
[Round "6"]
[White "Myhrvold, Rune"]
[Black "Jimenez Martinez, Jose Vicente"]
[Result "1-0"]
[WhiteElo "2189"]
[BlackElo "2254"]
[PlyCount "61"]
[EventDate "2012.10.06"]
[EventType "swiss"]
[EventRounds "9"]
[EventCountry "ESP"]
[SourceTitle "EXT 2013"]
[Source "ChessBase"]
[SourceDate "2012.11.22"]
[SourceVersion "1"]
[SourceVersionDate "2012.11.22"]
[SourceQuality "1"]

1. e4 d6 2. d3 g6 3. f4 Bg7 4. Nf3 Nf6 5. Be2 0-0 6. 0-0 c5 7. c3 Nc6 8. Na3 Rb8 9. Nc2 b5 10. Bd2 a5 11. Ne3 d5 12. e5 Ne8 13. d4 c4 14. Qe1 e6 15. Bd1 f5 16. exf6 Nxf6 17. Bc2 Nh5 18. g3 Bd7 19. Qe2 b4 20. Ng4 Nf6 21. Nge5 Nxe5 22. fxe5 Ng4 23. Bg5 Qe8 24. Qd2 h6 25. h3 bxc3 26. bxc3 Nxe5 27. dxe5 hxg5 28. Qxg5 Kh7 29. Nh4 Bh6 30. Bxg6+ Kg7 31. Qg4 1-0

[Event "NOR-ch Rapid A"]
[Site "Fredrikstad"]
[Date "2012.01.07"]
[Round "5"]
[White "Fossan, Petter"]
[Black "Myhrvold, Rune"]
[Result "0-1"]
[WhiteElo "2138"]
[BlackElo "2154"]
[PlyCount "167"]
[EventDate "2012.01.07"]
[EventType "swiss (rapid)"]
[EventRounds "10"]
[EventCountry "NOR"]
[SourceTitle "EXT 2023"]
[Source "ChessBase"]
[SourceDate "2022.10.05"]
[SourceVersion "1"]
[SourceVersionDate "2022.10.05"]
[SourceQuality "1"]

1. e4 c6 2. d4 d5 3. exd5 cxd5 4. c4 Nf6 5. Nc3 Nc6 6. Nf3 Bg4 7. cxd5 Nxd5 8. Be2 e6 9. 0-0 Be7 10. Be3 0-0 11. Qb3 Na5 12. Qa4 a6 13. Nxd5 Qxd5 14. h3 Bh5 15. Rfc1 Rac8 16. g4 Bg6 17. Ne5 Rfd8 18. Bf3 Qb5 19. Qxb5 axb5 20. Be2 b4 21. Bf3 Bf6 22. Rxc8 Rxc8 23. Rd1 Bc2 24. Re1 b3 25. axb3 Bxb3 26. Ra1 b6 27. Nd7 Bd8 28. d5 Nc4 29. dxe6 fxe6 30. Be2 Nxe3 31. fxe3 Bg5 32. Ra3 Bxe3+ 33. Kh2 Bf4+ 34. Kg2 Bd5+ 35. Kf2 b5 36. Nb6 Rc2 37. Nxd5 exd5 38. Rb3 d4 39. Kf3 Bc1 40. Rxb5 Bxb2 41. Rb3 Bc1 42. Rb4 Be3 43. Bc4+ Kf8 44. Bd3 Rc3 45. Ke4 Ke7 46. Rb5 Rc6 47. Kf3 g6 48. h4 Rf6+ 49. Kg3 Bf2+ 50. Kg2 Bxh4 51. Rb7+ Kd6 52. Rxh7 g5 53. Bf5 Ke5 54. Re7+ Kd6 55. Re4 Kc5 56. Kf3 Rb6 57. Re5+ Kc4 58. Ke2 Rb2+ 59. Kd1 d3 60. Re8 Rb1+ 61. Kd2 Rb2+ 62. Kd1 Bf2 63. Rc8+ Bc5 64. Kc1 Rg2 65. Rc7 d2+ 66. Kd1 Kd4 67. Rd7+ Ke3 68. Rd5 Bb4 69. Kc2 Rg1 70. Rd3+ Kf4 71. Rd4+ Ke5 72. Rxb4 d1Q+ 73. Kc3 Qe1+ 74. Kb3 Rg3+ 75. Ka4 Qa1+ 76. Kb5 Qf1+ 77. Kb6 Rc3 78. Rb5+ Kf4 79. Rb4+ Kg3 80. Kb7 Qa1 81. Be4 Qa5 82. Bc6 Qc5 83. Rb6 Kxg4 84. Bd7+ 0-1

[Event "Fagernes Norsk op-A"]
[Site "Fagernes"]
[Date "2011.04.23"]
[Round "9"]
[White "Webb, Matthew"]
[Black "Myhrvold, Rune"]
[Result "1-0"]
[WhiteElo "2062"]
[BlackElo "2164"]
[PlyCount "107"]
[EventDate "2011.04.17"]
[EventType "swiss"]
[EventRounds "9"]
[EventCountry "NOR"]
[SourceTitle "CBM 141 Extra"]
[Source "ChessBase"]
[SourceDate "2011.05.03"]
[SourceVersion "1"]
[SourceVersionDate "2011.05.03"]
[SourceQuality "1"]

1. e4 c6 2. d4 d5 3. e5 c5 4. c4 cxd4 5. Nf3 e6 6. cxd5 Qxd5 7. Qxd4 Qxd4 8. Nxd4 a6 9. Bd3 Bc5 10. Be3 Ne7 11. Nd2 Nd5 12. Rc1 Nxe3 13. fxe3 Nd7 14. Ke2 0-0 15. Rc2 Be7 16. N2f3 Nc5 17. Rhc1 Nxd3 18. Kxd3 Rd8 19. Rc7 Kf8 20. Ke2 Rb8 21. b4 Bd7 22. a3 Rdc8 23. Kd3 Bd8 24. Rxc8 Rxc8 25. Rxc8 Bxc8 26. a4 Bd7 27. b5 Bc7 28. Kc4 f6 29. Nb3 axb5+ 30. axb5 b6 31. Nbd4 Kf7 32. Nc6 h6 33. e4 g5 34. g4 f5 35. exf5 exf5 36. gxf5 Bxf5 37. Nfd4 Be6+ 38. Nxe6 Kxe6 39. Kd4 Kf5 40. Kd5 Kg6 41. Ke6 h5 42. Kd7 Bxe5 43. Nxe5+ Kf5 44. Kc6 g4 45. Kxb6 h4 46. Nxg4 Kxg4 47. Kc5 Kh3 48. b6 Kxh2 49. b7 h3 50. b8Q+ Kg2 51. Qb2+ Kg1 52. Qd4+ Kh1 53. Qe4+ Kh2 54. Qg4 1-0

[Event "Fagernes Norsk op-A"]
[Site "Fagernes"]
[Date "2011.04.17"]
[Round "4"]
[White "Bosch, Jeroen"]
[Black "Myhrvold, Rune"]
[Result "0-1"]
[WhiteElo "2424"]
[BlackElo "2164"]
[PlyCount "79"]
[EventDate "2011.04.17"]
[EventType "swiss"]
[EventRounds "9"]
[EventCountry "NOR"]
[SourceTitle "CBM 141 Extra"]
[Source "ChessBase"]
[SourceDate "2011.05.03"]
[SourceVersion "1"]
[SourceVersionDate "2011.05.03"]
[SourceQuality "1"]

1. e4 c6 2. d4 d5 3. e5 c5 4. dxc5 e6 5. Nf3 Nc6 6. Bd3 Bxc5 7. 0-0 Nge7 8. Bf4 Ng6 9. Bg3 Bd7 10. c4 dxc4 11. Bxc4 0-0 12. Nc3 Rc8 13. Rc1 Nce7 14. Qb3 Nf5 15. Rfd1 Qe7 16. Qxb7 Bc6 17. Qxe7 Bxe7 18. Nb5 Bxf3 19. gxf3 h5 20. h3 Nxg3 21. fxg3 Nxe5 22. Be2 h4 23. Kg2 a5 24. f4 Nc6 25. gxh4 Nb4 26. a3 Nd5 27. Kf3 Bf6 28. b3 Nc3 29. Nxc3 Bxc3 30. Ba6 Rc5 31. Rd7 Rb8 32. Bb7 Bd4 33. Rc4 Rb5 34. Rcxd4 Rxb3+ 35. Ke4 R8xb7 36. Rxb7 Rxb7 37. f5 exf5+ 38. Kxf5 Rb5+ 39. Kg4 Kh7 40. a4 0-1

[Event "Fagernes Norsk op-A"]
[Site "Fagernes"]
[Date "2011.04.17"]
[Round "3"]
[White "Wibe, Per H"]
[Black "Myhrvold, Rune"]
[Result "0-1"]
[WhiteElo "1824"]
[BlackElo "2164"]
[PlyCount "102"]
[EventDate "2011.04.17"]
[EventType "swiss"]
[EventRounds "9"]
[EventCountry "NOR"]
[SourceTitle "CBM 141 Extra"]
[Source "ChessBase"]
[SourceDate "2011.05.03"]
[SourceVersion "1"]
[SourceVersionDate "2011.05.03"]
[SourceQuality "1"]

1. e4 c5 2. Nf3 Nc6 3. d4 cxd4 4. Nxd4 Nf6 5. Nc3 e5 6. Nb3 Bb4 7. Bd3 d5 8. exd5 Qxd5 9. 0-0 Bxc3 10. bxc3 e4 11. c4 Qf5 12. Be2 0-0 13. f3 Qg6 14. fxe4 Bh3 15. Bf3 Rad8 16. Qe2 Rfe8 17. Bb2 Ne5 18. Bxe5 Rxe5 19. Rae1 Rde8 20. Nd2 Bd7 21. a3 Bc6 22. Qf2 b6 23. c3 Nd7 24. Re3 Qd6 25. Nb3 f5 26. Nd4 f4 27. Re2 Nc5 28. Rd1 Ba4 29. Rdd2 Qf6 30. Nb5 Qe7 31. Qd4 Nb3 32. Qd6 Nxd2 33. Rxd2 Bxb5 34. cxb5 Qh4 35. Rf2 Rxb5 36. Qd3 Rc5 37. Bd1 Qf6 38. Bb3+ Kh8 39. Qd7 Rd8 40. Qxa7 Rxc3 41. Qa4 Rc1+ 42. Rf1 Qc3 43. Rxc1 Qxc1+ 44. Kf2 Rd2+ 45. Kf3 Qf1+ 46. Kg4 Qxg2+ 47. Kxf4 Qxh2+ 48. Kf5 g6+ 49. Kf6 Qf4+ 50. Ke7 Qd6+ 51. Ke8 Qe5+ 0-1

[Event "Pula op 24th"]
[Site "Pula"]
[Date "2010.06.22"]
[Round "5"]
[White "Myhrvold, Rune"]
[Black "Doric, Nenad"]
[Result "0-1"]
[WhiteElo "2152"]
[BlackElo "2320"]
[PlyCount "126"]
[EventDate "2010.06.19"]
[EventType "swiss"]
[EventRounds "9"]
[EventCountry "CRO"]
[SourceTitle "CBM 137 Extra"]
[Source "ChessBase"]
[SourceDate "2010.09.01"]
[SourceVersion "1"]
[SourceVersionDate "2010.09.01"]
[SourceQuality "1"]

1. e4 e5 2. Nf3 Nc6 3. Bb5 a6 4. Ba4 Nf6 5. d4 exd4 6. 0-0 Be7 7. Re1 b5 8. Bb3 d6 9. Bd5 Nxd5 10. exd5 Ne5 11. Nxd4 0-0 12. Nc3 Bd7 13. a4 b4 14. Ne4 Re8 15. f4 Ng4 16. Bd2 Qb8 17. Qf3 Qb6 18. c3 Nf6 19. a5 Qa7 20. Nf2 Qc5 21. Nc6 Bxc6 22. dxc6 bxc3 23. Bxc3 d5 24. Rac1 Qxc6 25. Be5 Qb5 26. Rxc7 Qxa5 27. Rec1 Bd6 28. b4 Qxb4 29. R7c6 Bxe5 30. fxe5 Rxe5 31. Nd3 Qd4+ 32. Kf1 Re3 33. Rc8+ Rxc8 34. Rxc8+ Ne8 35. Qd1 Kf8 36. Nf2 Qxd1+ 37. Nxd1 Re6 38. Nc3 Rd6 39. Ke2 Ke7 40. Kd3 Kd7 41. Rc5 Nc7 42. Na4 Rc6 43. Ra5 Nb5 44. Rxa6 Rxa6 45. Nc5+ Kd6 46. Nxa6 f5 47. Nb4 Na7 48. Nc2 Nc6 49. Ne1 g5 50. Ke2 d4 51. Nf3 h6 52. g3 Kd5 53. h4 g4 54. Nd2 Ne5 55. Kf2 Nc4 56. Nb3 d3 57. Ke1 Ke4 58. Kf2 h5 59. Nc5+ Kd4 60. Ne6+ Kc3 61. Nf4 Kc2 62. Nd5 d2 63. Nb4+ Kb3 0-1

[Event "NOR-chT Clubs"]
[Site "Oslo"]
[Date "2008.05.04"]
[Round "6"]
[White "Lovik, Lasse Ostebo"]
[Black "Myhrvold, Rune"]
[Result "1-0"]
[WhiteElo "2202"]
[BlackElo "2061"]
[PlyCount "60"]
[EventDate "2008.05.01"]
[EventType "team-swiss"]
[EventRounds "6"]
[EventCountry "NOR"]
[SourceTitle "EXT 2010"]
[Source "ChessBase"]
[SourceDate "2010.11.25"]
[SourceVersion "1"]
[SourceVersionDate "2010.11.25"]
[SourceQuality "1"]

1. e4 c6 2. d4 d5 3. Nc3 dxe4 4. Nxe4 Nf6 5. Nxf6+ exf6 6. Bf4 Bd6 7. Qf3 0-0 8. 0-0-0 Bxf4+ 9. Qxf4 b5 10. d5 Qa5 11. a3 cxd5 12. Rxd5 Be6 13. Qd2 Qc7 14. Rxb5 Rd8 15. Qe3 Nc6 16. Nf3 Bg4 17. Bd3 Re8 18. Qd2 Rad8 19. Kb1 a6 20. Rc5 Qd6 21. Qc3 Bxf3 22. gxf3 Nd4 23. Rd1 Qxh2 24. Bxh7+ Kxh7 25. Rxd4 Rxd4 26. Qxd4 Qh1+ 27. Ka2 Qxf3 28. Rc3 Qf5 29. Qh4+ Kg8 30. Rh3 Kf8 1-0

[Event "NOR-chB"]
[Site "Moss"]
[Date "2006.07.11"]
[Round "5"]
[White "Moen, Ole Christian"]
[Black "Myhrvold, Rune"]
[Result "0-1"]
[WhiteElo "2113"]
[BlackElo "2022"]
[PlyCount "102"]
[EventDate "2006.07.08"]
[EventType "swiss"]
[EventRounds "9"]
[EventCountry "NOR"]
[SourceTitle "EXT 2007"]
[Source "ChessBase"]
[SourceDate "2006.11.23"]
[SourceVersion "1"]
[SourceVersionDate "2006.11.23"]
[SourceQuality "1"]

1. Nf3 d5 2. g3 Nf6 3. Bg2 Nbd7 4. c4 e6 5. cxd5 exd5 6. 0-0 Bd6 7. Nc3 0-0 8. Nd4 c6 9. d3 Re8 10. Qc2 Nc5 11. Re1 Bg4 12. h3 Be6 13. e4 dxe4 14. dxe4 Bc4 15. Rd1 Bd3 16. Rxd3 Nxd3 17. Qxd3 Be5 18. Nce2 c5 19. f4 Bxd4+ 20. Nxd4 Qxd4+ 21. Qxd4 cxd4 22. e5 Rac8 23. b3 Rc2 24. Bxb7 d3 25. Bf3 Rec8 26. Be3 d2 27. Rd1 Rc1 28. Kf1 Ne4 29. Bxe4 Rxd1+ 30. Ke2 Ra1 31. Bxd2 Rxa2 32. Ke3 Rd8 33. Bd3 g6 34. Bc3 Rh2 35. h4 Rg2 36. Be1 Rb2 37. Bc4 Rd1 38. Bc3 Rc2 39. Bd4 a5 40. e6 fxe6 41. Bxe6+ Kf8 42. Be5 Rg1 43. Kf3 Rf1+ 44. Kg4 Re1 45. Bd6+ Kg7 46. Be5+ Kh6 47. Bd6 Kg7 48. Be5+ Rxe5 49. fxe5 Rc6 50. Bd7 Rb6 51. Ba4 Rb4+ 0-1

[Event "Gausdal Byggern Masters"]
[Site "Gausdal"]
[Date "2005.10.08"]
[Round "8"]
[White "Akesson, Ralf"]
[Black "Myhrvold, Rune"]
[Result "1-0"]
[WhiteElo "2486"]
[BlackElo "2164"]
[PlyCount "40"]
[EventDate "2005.10.01"]
[EventType "swiss"]
[EventRounds "9"]
[EventCountry "NOR"]
[SourceTitle "CBM 108 Extra"]
[Source "ChessBase"]
[SourceDate "2005.11.04"]
[SourceVersion "1"]
[SourceVersionDate "2005.11.04"]
[SourceQuality "1"]

1. d4 d5 2. c4 dxc4 3. Nf3 Nf6 4. e3 e6 5. Bxc4 c5 6. 0-0 a6 7. Bb3 Nc6 8. Nc3 Qc7 9. Qe2 Bd6 10. dxc5 Bxc5 11. e4 Ng4 12. g3 0-0 13. Bf4 e5 14. Nd5 Qd6 15. Bd2 a5 16. Rac1 Nd4 17. Nxd4 Bxd4 18. Rxc8 Raxc8 19. Qxg4 b6 20. Bg5 Ra8 1-0

[Event "Gausdal Byggern Masters"]
[Site "Gausdal"]
[Date "2005.10.07"]
[Round "7"]
[White "Myhrvold, Rune"]
[Black "Richards, Heather"]
[Result "1-0"]
[WhiteElo "2164"]
[BlackElo "2239"]
[PlyCount "81"]
[EventDate "2005.10.01"]
[EventType "swiss"]
[EventRounds "9"]
[EventCountry "NOR"]
[SourceTitle "CBM 108 Extra"]
[Source "ChessBase"]
[SourceDate "2005.11.04"]
[SourceVersion "1"]
[SourceVersionDate "2005.11.04"]
[SourceQuality "1"]

1. e4 e6 2. d4 d5 3. Nc3 Bb4 4. e5 c5 5. a3 Bxc3+ 6. bxc3 Qa5 7. Bd2 Qa4 8. Qg4 g6 9. Bd3 Nc6 10. Nf3 Nge7 11. 0-0 c4 12. Be2 Qxc2 13. Rac1 Qb2 14. Qf4 h5 15. Ng5 Nf5 16. h3 Qxa3 17. g4 hxg4 18. hxg4 Nh6 19. Qf6 Qf8 20. Kg2 Bd7 21. Rh1 Ne7 22. Rh4 0-0-0 23. Rch1 Nc6 24. Nf3 Qa3 25. Rxh6 Rxh6 26. Rxh6 a5 27. Ng5 Qb2 28. Qf4 Be8 29. Qe3 a4 30. Bc1 Qa1 31. Rh7 a3 32. Bxa3 Qxa3 33. Nxf7 Bxf7 34. Rxf7 Rd7 35. Rf6 Rh7 36. Rxe6 Qa1 37. Bf1 Qb1 38. Rf6 Kc7 39. e6 b5 40. Rf7+ Rxf7 41. exf7 1-0

[Event "Gausdal Byggern Masters"]
[Site "Gausdal"]
[Date "2005.10.05"]
[Round "5"]
[White "Myhrvold, Rune"]
[Black "Johansson, Per"]
[Result "1-0"]
[WhiteElo "2164"]
[BlackElo "2005"]
[PlyCount "39"]
[EventDate "2005.10.01"]
[EventType "swiss"]
[EventRounds "9"]
[EventCountry "NOR"]
[SourceTitle "CBM 108 Extra"]
[Source "ChessBase"]
[SourceDate "2005.11.04"]
[SourceVersion "1"]
[SourceVersionDate "2005.11.04"]
[SourceQuality "1"]

1. e4 c6 2. d4 d5 3. f3 dxe4 4. fxe4 e5 5. Nf3 Be6 6. c3 Nf6 7. Nbd2 Nbd7 8. Be2 h6 9. 0-0 Bd6 10. Bc4 Qe7 11. Qb3 b5 12. Bxe6 Qxe6 13. Qxe6+ fxe6 14. a4 0-0 15. axb5 cxb5 16. Ra6 Nb6 17. dxe5 Bc5+ 18. Nd4 b4 19. exf6 e5 20. N2b3 1-0

[Event "Gausdal Byggern Masters"]
[Site "Gausdal"]
[Date "2005.10.02"]
[Round "2"]
[White "Ferkingstad, Sjur"]
[Black "Myhrvold, Rune"]
[Result "1-0"]
[WhiteElo "2239"]
[BlackElo "2164"]
[PlyCount "73"]
[EventDate "2005.10.01"]
[EventType "swiss"]
[EventRounds "9"]
[EventCountry "NOR"]
[SourceTitle "CBM 108 Extra"]
[Source "ChessBase"]
[SourceDate "2005.11.04"]
[SourceVersion "1"]
[SourceVersionDate "2005.11.04"]
[SourceQuality "1"]

1. e4 c5 2. b3 Nf6 3. Nc3 Nc6 4. Bb2 d5 5. exd5 Nxd5 6. Bc4 Nb6 7. Be2 e5 8. Nf3 Be7 9. 0-0 a6 10. a4 0-0 11. a5 Nd5 12. Nxd5 Qxd5 13. Bc4 Qd6 14. Qe1 Nd4 15. Nxd4 exd4 16. Qe4 Bd7 17. Bd5 Rae8 18. Bxb7 Bb5 19. d3 Bg5 20. Qf3 Bd2 21. Qd5 Qc7 22. Qf3 Bxa5 23. Bc1 Qb6 24. Bf4 Bc3 25. Rab1 Bd7 26. Bd5 Be6 27. Bc4 Bxc4 28. bxc4 Qe6 29. Qg3 Rc8 30. Rb7 a5 31. h4 Rfe8 32. h5 Rc6 33. Rfb1 Qf5 34. Rb8 Rce6 35. Bh6 Qe5 36. Rxe8+ Rxe8 37. Qxe5 1-0

[Event "NOR-ch op"]
[Site "Oslo"]
[Date "2004.04.10"]
[Round "8"]
[White "Myhrvold, Rune"]
[Black "Bjerke, Silje"]
[Result "0-1"]
[WhiteElo "2192"]
[BlackElo "2083"]
[PlyCount "84"]
[EventDate "2004.04.03"]
[EventType "swiss"]
[EventRounds "9"]
[EventCountry "NOR"]
[SourceTitle "CBM 099 Extra"]
[Source "ChessBase"]
[SourceDate "2004.05.04"]
[SourceVersion "1"]
[SourceVersionDate "2004.05.04"]
[SourceQuality "1"]

1. e4 c5 2. c3 d5 3. exd5 Qxd5 4. d4 Nf6 5. Nf3 e6 6. Be3 Nc6 7. Bd3 cxd4 8. cxd4 Be7 9. Nc3 Qd8 10. 0-0 0-0 11. a3 b6 12. Qe2 Bb7 13. Rad1 Rc8 14. Bb1 Na5 15. Ne5 Bxa3 16. Nb5 Qd5 17. f3 Ba6 18. Bd3 Bxb5 19. Bxb5 Be7 20. Rc1 Qb3 21. Ba6 Rxc1 22. Rxc1 Nd5 23. Bf2 Bg5 24. Ra1 Nf4 25. Qb5 Qc2 26. Nd7 Bh4 27. Rf1 Bxf2+ 28. Rxf2 Qd1+ 29. Rf1 Qxd4+ 30. Kh1 Rd8 31. Ne5 Qd2 32. Rg1 h6 33. b4 Nb3 34. Qc4 Nd4 35. Qc7 Rf8 36. Nc4 Nd3 37. Rf1 Qe2 38. Kg1 Nxb4 39. Qxa7 Qa2 40. Qxb6 Ne2+ 41. Kh1 Nxa6 42. Na5 Nb8 0-1

[Event "NOR-ch op"]
[Site "Oslo"]
[Date "2004.04.08"]
[Round "6"]
[White "Myhrvold, Rune"]
[Black "Pedersen, Lars Erik"]
[Result "0-1"]
[WhiteElo "2192"]
[BlackElo "2054"]
[PlyCount "42"]
[EventDate "2004.04.03"]
[EventType "swiss"]
[EventRounds "9"]
[EventCountry "NOR"]
[SourceTitle "CBM 099 Extra"]
[Source "ChessBase"]
[SourceDate "2004.05.04"]
[SourceVersion "1"]
[SourceVersionDate "2004.05.04"]
[SourceQuality "1"]

1. e4 d5 2. exd5 Qxd5 3. Nc3 Qa5 4. d4 Nf6 5. Nf3 c6 6. Bd2 Qb6 7. Bc4 Bf5 8. 0-0 e6 9. Re1 Be7 10. Bb3 0-0 11. Bg5 Nbd7 12. Ne5 Nxe5 13. dxe5 Ng4 14. Bxe7 Nxf2 15. Qd2 Ng4+ 16. Kf1 Nxh2+ 17. Ke2 Bg4+ 18. Kd3 Rfd8+ 19. Bd6 Qc5 20. Ke4 Rxd6 21. Qxd6 Bf5+ 0-1

[Event "NOR-ch op"]
[Site "Oslo"]
[Date "2004.04.06"]
[Round "4"]
[White "Pert, Richard G"]
[Black "Myhrvold, Rune"]
[Result "1-0"]
[WhiteElo "2424"]
[BlackElo "2192"]
[PlyCount "107"]
[EventDate "2004.04.03"]
[EventType "swiss"]
[EventRounds "9"]
[EventCountry "NOR"]
[SourceTitle "CBM 099 Extra"]
[Source "ChessBase"]
[SourceDate "2004.05.04"]
[SourceVersion "1"]
[SourceVersionDate "2004.05.04"]
[SourceQuality "1"]

1. d4 d5 2. c4 dxc4 3. Nf3 Nf6 4. e3 Bg4 5. Bxc4 e6 6. Nc3 a6 7. h3 Bh5 8. g4 Bg6 9. Ne5 Nbd7 10. Nxg6 hxg6 11. g5 Nd5 12. Nxd5 exd5 13. Bxd5 c6 14. Bc4 Nb6 15. Be2 Qxg5 16. Qb3 Qd5 17. Qxd5 Nxd5 18. Bd2 Be7 19. 0-0-0 0-0-0 20. Ba5 Rde8 21. Bf3 Bh4 22. Rd2 f5 23. Rg1 Ne7 24. Kb1 Kb8 25. Rc1 Rc8 26. Bg2 Nd5 27. Rdc2 Bd8 28. Bxd8 Rcxd8 29. a3 Rd7 30. b4 Rhd8 31. Rg1 Rd6 32. Kc1 Ka7 33. Kd2 Kb6 34. Kd3 Ra8 35. Rc5 Rad8 36. Rb1 Nc7 37. Re5 Re6 38. f4 g5 39. Rxf5 gxf4 40. Rxf4 Nd5 41. Bxd5 cxd5 42. Rc1 Rc6 43. Rc5 Rd7 44. Rg4 Rcd6 45. Rg5 Ka7 46. a4 b6 47. Rc1 Rh6 48. Rcg1 Rh7 49. h4 Rxh4 50. Rxg7 Rh7 51. Rxh7 Rxh7 52. Rg5 Rd7 53. Rg6 Kb7 54. a5 1-0